| 000 | 00560nac a22001691u 4500 | ||
|---|---|---|---|
| 008 | 100907t2003 ii |||||r|||| 001 0 eng d | ||
| 020 | _a8120321901 | ||
| 082 |
_a624.15 _bSOM _222 |
||
| 100 |
_aSom, N. N. _918619 |
||
| 245 |
_aTheory and Practice of Foundation Design / _cN. N. Som, S. C. Das. |
||
| 260 |
_aNew Delhi : _bPrentice-Hall of India, _c2003. |
||
| 300 |
_a392 p. : _bill.; _c24 cm. |
||
| 500 | _aIncludes index. | ||
| 650 |
_aFoundations _xDesign and construction. _918620 |
||
| 700 |
_aDas, S. C. _918621 |
||
| 942 |
_cBB _k624.15SOM _2ddc |
||
| 999 |
_c984 _d984 |
||